Statistiques concernant Albums des Tuniques Bleues

Cliquez ici pour prendre le quiz!

Statistiques générales

  • Ce quiz a été pris 38 fois
    (34 depuis la dernière actualisation)
  • Le résultat moyen est 32 sur 67

Statistiques - réponses

Titre% Correct
2Du Nord au Sud
83%
48Arabesque
78%
17El Padre
72%
18Blue rétro
67%
25Des Bleus et des bosses
67%
6La Prison de Robertsonville
67%
21Les Cinq Salopards
67%
36Quantrill
67%
42Qui veut la peau du général ?
67%
8Les Cavaliers du ciel
61%
40Les Hommes de paille
61%
38Les Planqués
61%
44L'Oreille de Lincoln
61%
4Outlaw
61%
46Requiem pour un Bleu
61%
24Baby blue
56%
20Black Face
56%
35Captain Nepel
56%
37Duel dans la Manche
56%
30La Rose de Bantry
56%
19Le David
56%
13Les Bleus dans la gadoue
56%
32Les Bleus en folie
56%
12Les Bleus tournent cosaques
56%
1Un chariot dans l'Ouest
56%
34Vertes années
56%
16Bronco Benny
50%
11Des Bleus en noir et blanc
50%
31Drummer boy
50%
45Émeutes à New York
50%
29En avant l'amnésique
50%
55Indien, mon frère
50%
5Les Déserteurs
50%
15Rumberley
50%
51Stark sous toutes les coutures
50%
63La Bataille du cratère
44%
14Le Blanc-bec
44%
28Les Bleus de la balle
44%
7Les Bleus de la marine
44%
58Les Bleus se mettent au vert
44%
47Les Nancy Hart
44%
26L'Or du Québec
44%
60Carte blanche pour un bleu
39%
22Des Bleus et des dentelles
39%
10Des Bleus et des tuniques
39%
43Des Bleus et du blues
39%
66Irish Melody
39%
9La Grande Patrouille
39%
50La Traque
39%
39Puppet Blues
39%
57Colorado Story
33%
52Des Bleus dans le brouillard
33%
67Du feu sur la glace
33%
3Et pour quinze cents dollars en plus
33%
33Grumbler et fils
33%
65L'Envoyé spécial
33%
41Les Bleus en cavale
33%
23Les Cousins d'en face
33%
59Les Quatre Évangélistes
33%
54Miss Walker
33%
62Sallie
33%
53Sang bleu chez les Bleus
33%
56Dent pour dent
28%
27Bull Run
22%
61L'Étrange Soldat Franklin
17%
49Mariage à Fort Bow
17%
64Où est donc Arabesque ?
17%

Distribution des résultats

Percentile par nombre de réponses

% des personnes avec chaque résultat

Votre développement - résultats

Vous n’avez pas pris ce quiz depuis la dernière actualisation